| 000 | 00791nam a2200229Ia 4500 | ||
|---|---|---|---|
| 003 | CO-ViMGA | ||
| 008 | 180103s9999 xx 000 0 und d | ||
| 020 | _a9789585436442 | ||
| 040 |
_aCO-ViMGA _bspa _cCO-ViMGA |
||
| 082 | 0 | 4 |
_a155.2 _bC41 |
| 100 | 1 |
_a Joaquim Soler _912172 |
|
| 245 | 1 | 0 |
_aClaves y enigmas de la personalidad : _b¿por qué soy así? / _ccoordinadores Joaquim Soler y Juan Carlos Pascual |
| 250 | _aEdición especial | ||
| 260 |
_aBogotá : _bCírculo cultural, _c2017 |
||
| 300 |
_a255 páginas ; _b24 cm |
||
| 490 | _a(Plan Nacional de Lectura y Escritura Leer es mi Cuento / Ministerio de Cultura) | ||
| 650 | 1 | 4 |
_aIndividualidad _912173 |
| 650 | 1 | 4 |
_aPersonalidad _912174 |
| 650 | 1 | 4 |
_aTrastornos De Personalidad _912175 |
| 700 | 1 |
_aJuan Carlos Pascual _912176 |
|
| 942 |
_2ddc _cBK |
||
| 999 |
_c8452 _d8452 |
||